Informe anual sobre derechos humanos en Chile 2008
Na minha lista:
| Autor principal: | |
|---|---|
| Formato: | Livro |
| Idioma: | espanhol |
| Publicado em: |
Santiago
Universidad Diego Portales
2008
|
| Assuntos: | |
| Tags: |
Adicionar Tag
Sem tags, seja o primeiro a adicionar uma tag!
|
MARC
| LEADER | 00000nam a2200000 a 4500 | ||
|---|---|---|---|
| 001 | UCI8774 | ||
| 003 | CL-VaPUC | ||
| 008 | 081002e20080000CL |||||||||||||||||spa|d | ||
| 020 | |a 9789563140392 | ||
| 082 | 0 | 4 | |a 323.983 |b ESP |2 21 |
| 100 | 0 | |a Espejo Yaksic, Nicolás |e author |9 532386 | |
| 245 | 1 | 0 | |a Informe anual sobre derechos humanos en Chile 2008 |
| 300 | |a 580 p | ||
| 942 | |c BK | ||
| 945 | |d 20081002 00:00:00 |a rbrito | ||
| 260 | |a Santiago |b Universidad Diego Portales |c 2008 | ||
| 650 | 0 | |a Derechos humanos |9 223025 | |
| 650 | 0 | |a Libertad de expresión |9 329993 | |
| 650 | 7 | |a DERECHO LABORAL |2 CL-VaPUC |9 15 | |
| 650 | 0 | |a Derecho de salud |9 256907 | |
| 650 | 0 | |a Derechos del niño |9 258728 | |
| 650 | 0 | |a Derecho a la educación |9 307987 | |
| 650 | 7 | |a JUSTICIA MILITAR |2 CL-VaPUC |9 532387 | |
| 650 | 0 | |a Derecho ambiental |9 257835 | |
| 583 | |a last modification |c 20170801 05:43:06 |k Rodrigo Vera | ||
| 999 | |c 331564 |d 331562 | ||
| 952 | |0 0 |1 0 |4 0 |6 323_983000000000000_ESP_2008 |7 0 |8 A |9 418319 |a BIBDER |b BIBDER |d 2019-11-22 |i 4484959 |o 323.983 ESP 2008 |p 4484959 |r 2023-01-25 |w 2019-11-22 |y BK |k DER | ||